| 000 | 00755nam a2200229Ia 4500 | ||
|---|---|---|---|
| 003 | GCL | ||
| 008 | 140319s9999 xx 000 0 ara d | ||
| 040 |
_aGCL / _cGCL |
||
| 082 | 0 | 4 |
_a330.9 _bهـ ف |
| 100 | 1 | _aهاريسون يول | |
| 245 | 1 | 0 |
_aفى قلب العالم الثالث : جذور الفقر / _cهاريسون يول |
| 700 | 1 | _aالهام عثمان | |
| 700 | 1 | _aيول، هاريسون | |
| 260 |
_a[S.N] : _bميدتو للتنمية والرعاية الصحية ، _c1990 |
||
| 490 | _a | ||
| 650 | 0 | 4 | _aالدول النامية |
| 650 | 0 | 4 | _aالاحوال الاقتصادية |
| 650 | 0 | 4 | _aالموارد الاقتصادية |
| 650 | 0 | 4 | _aالفقر |
| 650 | 0 | 4 | _aالكثافة السكانية |
| 942 |
_2ddc _cBK |
||
| 999 |
_c29438 _d29438 |
||